01010nam a2200241Ia 4500001000600000003000900006008004100015040001300056040001300069041001300082100002100095100002800116245005900144245005600203250001100259260001200270260002000282260004900302300005900351500030100410650002600711650003100737C9590IT-RoPAU130308s9999 xx 000 0 und d aIT-RoPAU cIT-RoPAU aITALIANO aViscidi Fiorenzo gCodice Aut. SPICS: 627 aComunicazione fra intenzione, proposta e risposta (La) bDidattica della Comunicazione - itinerari Siciliani a1a ed. aVENEZIA bCinit/Cineforum c1991 [1° Ed.:1991 - Ed.Ling.Originale:1991] a"16 p. (prefazione: no ; testo: 16 [pagine: 176-191])" aSaluto Come Forma di Comunicazione: Modi e Tipi, Il lei e Il Tu, Oltre Il saluto Orale. Estensione del Silenzio di Parola Come Forma di intenzione Dicomunicazione. Segnali Convenzionali. Tipi di Esortazioni Pubbliche. Limiti e Difficoltà della Comunicazione. forme Culturali e Uso dei Vocaboli. aDIDATTICA AUDIOVISIVA eCodice materia Spics: 4002